000 00508nam a2200145 a 4500
008 130627s2012 ||||||||||||||||| || u
020 _a9780263228052
050 _aPR 5899 .Y26 G15
100 _aYates, Maisey
245 1 2 _aA game of vows
_cby Maisey Yates
260 _aUnited Kingdom:
_bMills and Boon
_c2012
300 _a187p.
650 _aENGLISH LANGUAGE
995 _FCBU-MAIN LIBRARY (Kitwe)
_M1
_ULOST
_VDec 13, 2021
_WNov 4, 2013
_ZFiction Collection
999 _c44290
_d44290